Caricamento...

Island tourism

Dettagli Bibliografici
Autore principale: Choudhary, Vikash
Natura: Printed Book
Pubblicazione: New Delhi Centrum 2010
Soggetti:
LEADER 00446nam a22001457a 4500
020 |a 9789380540122 
082 |a 338.4791  |b CHO/I 
100 |a Choudhary, Vikash 
245 |a Island tourism 
260 |a New Delhi  |b Centrum  |c 2010 
300 |a 342 
650 |a Tourism 
942 |c BK 
999 |c 32709  |d 32709 
952 |0 0  |1 0  |4 0  |6 338_479100000000000_CHOI  |7 0  |8 Stack  |9 34580  |a KUCL  |b KUCL  |c Stack  |d 2015-06-08  |g 995.00  |l 0  |o 338.4791 CHO/I  |p 37361  |r 2015-06-08  |w 2015-06-08  |y BK